[Event "Ustron op-B"]
[Site "Ustron"]
[Date "2021.08.14"]
[Round "2"]
[White "Grzesik, Gracjan"]
[Black "Kohut, Anna"]
[Result "1-0"]
[WhiteElo "2125"]
[BlackElo "1991"]
[PlyCount "103"]
[EventDate "2021.08.13"]
[EventType "swiss"]
[EventRounds "9"]
[EventCountry "POL"]
[SourceTitle "CBM 204 Extra"]
[Source "ChessBase"]
[SourceDate "2021.11.30"]
[SourceVersion "1"]
[SourceVersionDate "2021.11.30"]
[SourceQuality "1"]

1. c4 f5 2. Nc3 Nf6 3. Nf3 g6 4. d3 Bg7 5. e4 d6 6. exf5 Bxf5 7. d4 0-0 8. Bd3 Qd7 9. 0-0 Nc6 10. d5 Nd8 11. Bxf5 Qxf5 12. Nd4 Qh5 13. f3 c5 14. Nde2 Qf5 15. Ng3 Qd7 16. Qd3 Nf7 17. f4 Ng4 18. Nce4 Ngh6 19. Rb1 b6 20. Bd2 Nf5 21. Nxf5 Qxf5 22. h3 h5 23. Qe2 Bd4+ 24. Kh2 Kg7 25. g4 hxg4 26. hxg4 Qd7 27. Bc3 Bxc3 28. Nxc3 Rh8+ 29. Kg3 Rh7 30. Rh1 Rah8 31. Rxh7+ Rxh7 32. Re1 Kf8 33. b3 Ke8 34. Qe6 Qxe6 35. dxe6 Nd8 36. Nd5 Nc6 37. f5 gxf5 38. gxf5 Kf8 39. f6 exf6 40. Nxf6 Rg7+ 41. Kf4 Ke7 42. Nd5+ Kd8 43. Kf5 Rh7 44. Kg6 Rb7 45. Kf6 Rh7 46. e7+ Nxe7 47. Rxe7 Rxe7 48. Nxe7 Kd7 49. Nd5 Kc6 50. Ke6 b5 51. a4 a6 52. a5 1-0

[Event "Wroclaw Anderssen Memorial"]
[Site "Wroclaw"]
[Date "2021.07.31"]
[Round "2"]
[White "Kohut, Anna"]
[Black "Tazbir, Marcin"]
[Result "0-1"]
[WhiteElo "1991"]
[BlackElo "2513"]
[PlyCount "64"]
[EventDate "2021.07.31"]
[EventType "swiss (rapid)"]
[EventRounds "9"]
[EventCountry "POL"]
[SourceTitle "CBM 203 Extra"]
[Source "ChessBase"]
[SourceDate "2021.09.30"]
[SourceVersion "1"]
[SourceVersionDate "2021.09.30"]
[SourceQuality "1"]

1. f4 c5 2. b3 Nc6 3. Bb2 Nf6 4. e3 g6 5. Nf3 Bg7 6. Bb5 Qb6 7. Bxc6 Qxc6 8. 0-0 d6 9. d3 0-0 10. a4 b6 11. Nbd2 Bb7 12. Qe1 Nd5 13. Bxg7 Kxg7 14. Qf2 f6 15. Nh4 e5 16. f5 g5 17. Nhf3 Nb4 18. Ne4 d5 19. Nexg5 fxg5 20. Nxg5 Qf6 21. Ne6+ Kh8 22. Nxf8 Rxf8 23. Rae1 e4 24. dxe4 Ba6 25. e5 Qxe5 26. Qf4 Qxf4 27. Rxf4 Nxc2 28. Rc1 Nxe3 29. f6 d4 30. Kf2 Nd5 31. Rf5 Nxf6 32. Rf3 Bb7 0-1

[Event "Wroclaw Anderssen Memorial"]
[Site "Wroclaw"]
[Date "2021.07.31"]
[Round "1"]
[White "Krawczyk, Eryk"]
[Black "Kohut, Anna"]
[Result "0-1"]
[WhiteElo "1173"]
[BlackElo "1991"]
[PlyCount "62"]
[EventDate "2021.07.31"]
[EventType "swiss (rapid)"]
[EventRounds "9"]
[EventCountry "POL"]
[SourceTitle "CBM 203 Extra"]
[Source "ChessBase"]
[SourceDate "2021.09.30"]
[SourceVersion "1"]
[SourceVersionDate "2021.09.30"]
[SourceQuality "1"]

1. d4 f5 2. c4 Nf6 3. Nc3 g6 4. Bg5 Bg7 5. Nf3 d6 6. e3 0-0 7. Bd3 Nc6 8. 0-0 e5 9. dxe5 dxe5 10. c5 Be6 11. Bb5 Qxd1 12. Rfxd1 Nd7 13. Bxc6 bxc6 14. e4 h6 15. Be3 f4 16. Bd2 Nxc5 17. b4 Na6 18. a3 g5 19. h3 Bf6 20. Na4 Bb3 21. Rdc1 Bxa4 22. Rc3 Rad8 23. Kh2 h5 24. Be1 g4 25. hxg4 hxg4 26. Nd2 Kg7 27. f3 g3+ 28. Bxg3 fxg3+ 29. Kxg3 Rxd2 30. f4 exf4+ 31. Kxf4 Bxc3+ 0-1

[Event "POL-chT U19 36th 1st League"]
[Site "Koszalin"]
[Date "2005.07.13"]
[Round "11"]
[White "Gasik, Anna"]
[Black "Kohut, Anna"]
[Result "1/2-1/2"]
[WhiteElo "2082"]
[BlackElo "2065"]
[PlyCount "86"]
[EventDate "2005.07.05"]
[EventType "team-tourn"]
[EventRounds "11"]
[EventCountry "POL"]
[SourceTitle "CBM 107 Extra"]
[Source "ChessBase"]
[SourceDate "2005.09.01"]
[SourceVersion "1"]
[SourceVersionDate "2005.09.01"]
[SourceQuality "1"]
[WhiteTeam "Warszawa Polonia U19"]
[BlackTeam "Plock PTSz U19"]
[WhiteTeamCountry "POL"]
[BlackTeamCountry "POL"]

1. e4 c5 2. Nc3 e6 3. g3 Nc6 4. Bg2 Nf6 5. d3 d5 6. exd5 Nxd5 7. Ne4 Be7 8. Ne2 0-0 9. 0-0 f5 10. N4c3 Nxc3 11. Nxc3 Bd7 12. f4 Rc8 13. Be3 b6 14. Qd2 Bf6 15. Rae1 Nd4 16. Nd1 Kh8 17. c3 Nc6 18. Nf2 Na5 19. g4 g6 20. g5 Bg7 21. Rd1 Qc7 22. d4 Nc4 23. Qe2 Bb5 24. Rfe1 Nxe3 25. Qxe3 cxd4 26. cxd4 Rfe8 27. b3 Qd6 28. a4 Bd7 29. Rd2 Qb4 30. Red1 Rc3 31. Rd3 Rec8 32. d5 exd5 33. Bxd5 Rxd3 34. Rxd3 Re8 35. Qf3 Re1+ 36. Kg2 Qe7 37. Bc4 Qe8 38. Bd5 Qe7 39. Bb7 Qe8 40. Qd5 Re7 41. Qf3 Re1 42. Qd5 Re7 43. Qf3 Re1 1/2-1/2

[Event "POL-chT U19 36th 1st League"]
[Site "Koszalin"]
[Date "2005.07.08"]
[Round "5"]
[White "Kohut, Anna"]
[Black "Gorol, Magdalena"]
[Result "1-0"]
[WhiteElo "2065"]
[BlackElo "1890"]
[PlyCount "43"]
[EventDate "2005.07.05"]
[EventType "team-tourn"]
[EventRounds "11"]
[EventCountry "POL"]
[SourceTitle "CBM 107 Extra"]
[Source "ChessBase"]
[SourceDate "2005.09.01"]
[SourceVersion "1"]
[SourceVersionDate "2005.09.01"]
[SourceQuality "1"]
[WhiteTeam "Plock PTSz U19"]
[BlackTeam "Katowice Start U19"]
[WhiteTeamCountry "POL"]
[BlackTeamCountry "POL"]

1. e4 Nf6 2. e5 Nd5 3. d4 d6 4. Nf3 Bf5 5. c4 Nb6 6. Nc3 Nc6 7. Nh4 Bg6 8. Nxg6 hxg6 9. e6 f5 10. Be3 d5 11. c5 Nc4 12. Bxc4 dxc4 13. Qa4 f4 14. Qc2 Rh6 15. Bxf4 Nxd4 16. Qa4+ c6 17. Bxh6 gxh6 18. 0-0-0 Bg7 19. Qxc4 b5 20. Qd3 Nf5 21. Qf3 Qc8 22. g4 1-0

[Event "POL-ch U18 Girls"]
[Site "Leba"]
[Date "2004.04.02"]
[Round "8"]
[White "Domagala, Hanna"]
[Black "Kohut, Anna"]
[Result "1/2-1/2"]
[WhiteElo "1948"]
[BlackElo "2060"]
[PlyCount "40"]
[EventDate "2004.03.27"]
[EventType "swiss"]
[EventRounds "11"]
[EventCountry "POL"]
[SourceTitle "EXT 2005"]
[Source "ChessBase"]
[SourceDate "2004.11.15"]
[SourceVersion "1"]
[SourceVersionDate "2004.11.15"]
[SourceQuality "1"]

1. e4 c5 2. Nf3 e6 3. c3 Nf6 4. e5 Nd5 5. d4 cxd4 6. cxd4 d6 7. Nc3 Nxc3 8. bxc3 Qc7 9. Qb3 Nd7 10. Ba3 dxe5 11. Bxf8 Rxf8 12. Bb5 exd4 13. 0-0 a6 14. Bxd7+ Bxd7 15. cxd4 Rc8 16. Rab1 Bb5 17. Rfe1 Qc3 18. Rxe6+ fxe6 19. Qxe6+ Kd8 20. Qd6+ Ke8 1/2-1/2

[Event "POL-ch U18 Girls"]
[Site "Leba"]
[Date "2004.03.29"]
[Round "3"]
[White "Kohut, Anna"]
[Black "Worek, Joanna"]
[Result "0-1"]
[WhiteElo "2060"]
[BlackElo "2267"]
[PlyCount "68"]
[EventDate "2004.03.27"]
[EventType "swiss"]
[EventRounds "11"]
[EventCountry "POL"]
[SourceTitle "EXT 2005"]
[Source "ChessBase"]
[SourceDate "2004.11.15"]
[SourceVersion "1"]
[SourceVersionDate "2004.11.15"]
[SourceQuality "1"]

1. e4 c5 2. Nc3 Nc6 3. g3 g6 4. Bg2 Bg7 5. d3 e6 6. Nf3 Nge7 7. Bg5 Rb8 8. Qd2 Nd4 9. 0-0 b5 10. Rab1 h6 11. Be3 d5 12. exd5 exd5 13. Bxd4 cxd4 14. Ne2 Nc6 15. Nf4 0-0 16. Rfe1 Qd6 17. h4 b4 18. Nh2 Rb5 19. a4 Rc5 20. Re2 Bd7 21. Bh3 Bxh3 22. Nxh3 a5 23. b3 Ne7 24. Rbe1 Nf5 25. Re8 Qc7 26. Rxf8+ Bxf8 27. Ng4 Kg7 28. Re2 h5 29. Nh2 Nxg3 30. Re8 Nf5 31. Re2 Nxh4 32. Nf4 Bd6 33. Nxh5+ gxh5 34. Qg5+ Ng6 0-1

[Event "POL-ch U18 Girls"]
[Site "Leba"]
[Date "2004.03.27"]
[Round "1"]
[White "Kohut, Anna"]
[Black "Kobak, Weronika"]
[Result "1-0"]
[WhiteElo "2060"]
[BlackElo "1900"]
[PlyCount "115"]
[EventDate "2004.03.27"]
[EventType "swiss"]
[EventRounds "11"]
[EventCountry "POL"]
[SourceTitle "EXT 2005"]
[Source "ChessBase"]
[SourceDate "2004.11.15"]
[SourceVersion "1"]
[SourceVersionDate "2004.11.15"]
[SourceQuality "1"]

1. e4 c5 2. Nf3 Nc6 3. d4 cxd4 4. Nxd4 Nf6 5. Nc3 e6 6. Ndb5 d6 7. Bf4 e5 8. Bg5 a6 9. Na3 b5 10. Nd5 Qa5+ 11. Bd2 Qd8 12. Nxf6+ Qxf6 13. c3 Bb7 14. Be2 Ne7 15. Bf3 d5 16. exd5 Bxd5 17. Bxd5 Nxd5 18. c4 Bxa3 19. bxa3 Nc7 20. Bb4 a5 21. Bd6 Rd8 22. c5 Ne6 23. Qd5 Nd4 24. 0-0 Qe6 25. Qb7 Qd7 26. Qe4 f6 27. Rad1 Kf7 28. f4 Rde8 29. fxe5 Nc6 30. Qd5+ Re6 31. exf6 g6 32. Qg5 h6 33. Qd5 Rhe8 34. Rde1 Nd8 35. Rxe6 Qxe6 36. Qd1 Qe2 37. Qd5+ Qe6 38. Qd1 Qxa2 39. Be7 Ne6 40. Qc1 g5 41. Qd1 Rg8 42. Qh5+ Rg6 43. Qf3 Nf4 44. Qb7 Qd5 45. Qxd5+ Nxd5 46. Bd8 Nxf6 47. c6 Ke6 48. Rxf6+ Rxf6 49. Bxf6 Kd6 50. Bd8 Kxc6 51. Bxa5 Kd5 52. Kf2 Ke4 53. Ke2 h5 54. Bd8 g4 55. Kf2 Kf4 56. Bc7+ Ke4 57. Kg3 Kf5 58. Kh4 1-0

[Event "POL-chT2 U18"]
[Site "Sielpa"]
[Date "2004.??.??"]
[Round "9"]
[White "Kohut, Anna"]
[Black "Krokay, Urszula"]
[Result "1/2-1/2"]
[WhiteElo "2060"]
[BlackElo "1900"]
[PlyCount "49"]
[EventDate "2004.??.??"]
[EventType "team"]
[EventRounds "11"]
[EventCountry "POL"]
[SourceTitle "EXT 2007"]
[Source "ChessBase"]
[SourceDate "2006.11.23"]
[SourceVersion "1"]
[SourceVersionDate "2006.11.23"]
[SourceQuality "1"]

1. e4 c5 2. Nf3 Nc6 3. d4 cxd4 4. Nxd4 Nf6 5. Nc3 e5 6. Ndb5 d6 7. Bg5 a6 8. Na3 b5 9. Bxf6 gxf6 10. Nd5 f5 11. exf5 Bxf5 12. c3 Bg7 13. Nc2 Be6 14. g3 0-0 15. Bg2 a5 16. 0-0 f5 17. Nf4 exf4 18. Bxc6 fxg3 19. hxg3 f4 20. Nd4 fxg3 21. Nxe6 Qh4 22. fxg3 Qxg3+ 23. Bg2 Qe3+ 24. Kh1 Qh6+ 25. Kg1 1/2-1/2

[Event "POL-chT2 U18"]
[Site "Sielpa"]
[Date "2004.??.??"]
[Round "6"]
[White "Kohut, Anna"]
[Black "Nawrot, Anna"]
[Result "1-0"]
[WhiteElo "2060"]
[BlackElo "1879"]
[PlyCount "54"]
[EventDate "2004.??.??"]
[EventType "team"]
[EventRounds "11"]
[EventCountry "POL"]
[SourceTitle "EXT 2007"]
[Source "ChessBase"]
[SourceDate "2006.11.23"]
[SourceVersion "1"]
[SourceVersionDate "2006.11.23"]
[SourceQuality "1"]

1. e4 e6 2. d4 d5 3. Nc3 Bb4 4. exd5 Qxd5 5. Nf3 b6 6. Bd3 Ba6 7. 0-0 Bxc3 8. bxc3 Bxd3 9. Qxd3 Nf6 10. Ba3 Nbd7 11. c4 Qb7 12. Rfe1 0-0-0 13. Ng5 Rde8 14. Nxf7 Rhg8 15. Ng5 e5 16. dxe5 Nxe5 17. Qf5+ Ned7 18. Nxh7 Kb8 19. Nxf6 Nxf6 20. Be7 Qc6 21. Bxf6 gxf6 22. Rxe8+ Rxe8 23. Qd5 Qa4 24. Qb5 Qxb5 25. cxb5 Re5 26. a4 Re2 27. h4 Rxc2 1-0

[Event "POL-ch U16 Girls"]
[Site "Krynica"]
[Date "2003.??.??"]
[Round "9"]
[White "Kohut, Anna"]
[Black "Kozak, Magdalena"]
[Result "1/2-1/2"]
[WhiteElo "2105"]
[BlackElo "1920"]
[PlyCount "81"]
[EventDate "2003.??.??"]
[EventType "swiss"]
[EventRounds "11"]
[EventCountry "POL"]
[SourceTitle "EXT 2007"]
[Source "ChessBase"]
[SourceDate "2006.11.23"]
[SourceVersion "1"]
[SourceVersionDate "2006.11.23"]
[SourceQuality "1"]

1. e4 e6 2. d4 d5 3. Nc3 dxe4 4. Nxe4 Nd7 5. Nf3 Ngf6 6. Nxf6+ Nxf6 7. c3 Be7 8. Bf4 0-0 9. Bd3 b6 10. Qe2 Bb7 11. 0-0-0 Qd5 12. Kb1 c5 13. c4 Qd7 14. dxc5 Qc8 15. cxb6 axb6 16. Rhg1 Qc6 17. Nd4 Qa4 18. b3 Qa5 19. g4 Bc5 20. Nb5 e5 21. Bxe5 Rfe8 22. Rg3 Rxe5 23. Qxe5 Qxa2+ 24. Kc1 Qa1+ 25. Qxa1 Rxa1+ 26. Kc2 Rxd1 27. Kxd1 Bxf2 28. g5 Bxg3 29. hxg3 Nh5 30. Nd6 Bf3+ 31. Be2 Bxe2+ 32. Kxe2 Nxg3+ 33. Kf2 Nh5 34. Kf3 f6 35. Kg4 g6 36. Nc8 fxg5 37. Kxg5 Ng3 38. Nxb6 Ne4+ 39. Kf4 Nc5 40. Na4 Nxb3 41. c5 1/2-1/2

[Event "POL-ch U16 Girls"]
[Site "Krynica"]
[Date "2003.??.??"]
[Round "7"]
[White "Kohut, Anna"]
[Black "Krajewska, Katarzyna"]
[Result "1-0"]
[WhiteElo "2105"]
[BlackElo "1900"]
[PlyCount "53"]
[EventDate "2003.??.??"]
[EventType "swiss"]
[EventRounds "11"]
[EventCountry "POL"]
[SourceTitle "EXT 2007"]
[Source "ChessBase"]
[SourceDate "2006.11.23"]
[SourceVersion "1"]
[SourceVersionDate "2006.11.23"]
[SourceQuality "1"]

1. e4 e6 2. d4 d5 3. Nc3 dxe4 4. Nxe4 Bd7 5. Nf3 Bc6 6. Bd3 Nd7 7. 0-0 Ngf6 8. Ng3 Bxf3 9. Qxf3 c6 10. Re1 Be7 11. c4 0-0 12. b3 Bb4 13. Re2 Bc3 14. Bxh7+ Nxh7 15. Qxc3 Nhf6 16. Bg5 Re8 17. Rae1 Rc8 18. Qf3 Qa5 19. h4 Qb6 20. c5 Qb4 21. Ne4 Nxe4 22. Rxe4 b6 23. h5 f5 24. Rxe6 Rxe6 25. Rxe6 Qxd4 26. Rd6 Qa1+ 27. Rd1 1-0

[Event "POL-ch sf U20 Girls"]
[Site "Poraj"]
[Date "2003.??.??"]
[Round "6"]
[White "Kohut, Anna"]
[Black "Marszalek, Marta"]
[Result "0-1"]
[WhiteElo "2105"]
[BlackElo "1979"]
[PlyCount "75"]
[EventDate "2003.??.??"]
[EventType "swiss"]
[EventRounds "9"]
[EventCountry "POL"]
[SourceTitle "EXT 2005"]
[Source "ChessBase"]
[SourceDate "2004.11.15"]
[SourceVersion "1"]
[SourceVersionDate "2004.11.15"]
[SourceQuality "1"]

1. e4 g6 2. d4 Bg7 3. Nc3 d6 4. Bc4 Nf6 5. Qe2 e5 6. dxe5 dxe5 7. Nf3 Nbd7 8. 0-0 0-0 9. Rd1 Re8 10. Ng5 Rf8 11. Nf3 Qe7 12. Bg5 Nb6 13. Bb3 h6 14. Be3 c6 15. Qd2 g5 16. Qd6 Qxd6 17. Rxd6 Re8 18. a4 Nbd7 19. Rad1 Bf8 20. R6d3 Nc5 21. Bxc5 Bxc5 22. Rd8 Bg4 23. Rxa8 Rxa8 24. Rd3 Re8 25. h3 Bc8 26. Kf1 Kg7 27. Nd2 Nh5 28. Ne2 f5 29. exf5 Bxf5 30. Rf3 Nf4 31. Ng3 Bg6 32. Nge4 Bf8 33. g3 Nd5 34. c4 Nc7 35. Rd3 Ne6 36. Rd7+ Re7 37. Rxe7+ Bxe7 38. Ke2 0-1

[Event "POL-chT3"]
[Site "Poland"]
[Date "2002.??.??"]
[Round "?"]
[White "Kohut, Anna"]
[Black "Cyfka, Karina"]
[Result "1-0"]
[WhiteElo "2011"]
[BlackElo "2041"]
[PlyCount "141"]
[EventDate "2002.??.??"]
[EventType "team"]
[EventRounds "9"]
[EventCountry "POL"]
[SourceTitle "EXT 2006"]
[Source "ChessBase"]
[SourceDate "2005.11.24"]
[SourceVersion "1"]
[SourceVersionDate "2005.11.24"]
[SourceQuality "1"]

1. e4 c5 2. Nf3 Nc6 3. d4 cxd4 4. Nxd4 Nf6 5. Nc3 e5 6. Ndb5 d6 7. Nd5 Nxd5 8. exd5 Nb8 9. c4 Be7 10. Be2 0-0 11. 0-0 Nd7 12. Kh1 a6 13. Nc3 f5 14. f4 exf4 15. Bxf4 g5 16. Be3 Ne5 17. Bd4 Bf6 18. b4 Ng6 19. Rc1 a5 20. a3 axb4 21. axb4 b6 22. Nb5 Ra2 23. Ra1 Rxa1 24. Qxa1 Nf4 25. Bd1 Qe7 26. Bxf6 Rxf6 27. Qd4 Bd7 28. Qxb6 Nd3 29. Qd4 Ne5 30. Nc3 Rh6 31. c5 Rh4 32. Qd2 Qg7 33. g3 Rxb4 34. c6 Bc8 35. Be2 Nf7 36. Bh5 h6 37. Re1 Ne5 38. Be2 Qf6 39. Nb5 Ra4 40. Nc3 Ra7 41. Rb1 Rf7 42. Rb8 Rf8 43. Nb5 f4 44. gxf4 gxf4 45. Bf1 f3 46. Qf2 Kh8 47. h3 Rg8 48. Na7 Qf5 49. Nxc8 Qh5 50. c7 Nd7 51. Qd4+ Qe5 52. Qxe5+ dxe5 53. Ne7 Rxb8 54. cxb8Q+ Nxb8 55. Ng6+ Kg7 56. Nxe5 Kf6 57. Nxf3 Kf5 58. Bd3+ Kf4 59. Kg2 Nd7 60. d6 Nc5 61. Bb5 Ne6 62. d7 Nd8 63. Nd4 Kg5 64. Nc6 Ne6 65. d8Q+ Nxd8 66. Nxd8 Kf6 67. Kg3 Ke7 68. Nc6+ Kf6 69. Kg4 Kg6 70. Bd3+ Kg7 71. Kh5 1-0

[Event "POL-ch U16 Girls"]
[Site "Bartkowa"]
[Date "2002.??.??"]
[Round "?"]
[White "Kohut, Anna"]
[Black "Hermanowicz, Dominika"]
[Result "1-0"]
[WhiteElo "2011"]
[BlackElo "2117"]
[PlyCount "95"]
[EventDate "2002.01.??"]
[EventType "swiss"]
[EventRounds "9"]
[EventCountry "POL"]
[SourceTitle "EXT 2005"]
[Source "ChessBase"]
[SourceDate "2004.11.15"]
[SourceVersion "1"]
[SourceVersionDate "2004.11.15"]
[SourceQuality "1"]

1. e4 c6 2. d4 d5 3. Nd2 dxe4 4. Nxe4 Bf5 5. Ng3 Bg6 6. Nf3 Nd7 7. h4 h6 8. h5 Bh7 9. Bd3 Bxd3 10. Qxd3 e6 11. Bd2 Ngf6 12. 0-0-0 Be7 13. Qe2 0-0 14. Kb1 c5 15. Rhe1 Qb6 16. dxc5 Bxc5 17. Be3 Nd5 18. Ka1 Bxe3 19. fxe3 Nc5 20. e4 Na4 21. c3 Nf4 22. Qc2 Nc5 23. Rd4 a5 24. Red1 a4 25. Rd6 Qa5 26. Kb1 Rad8 27. Rxd8 Rxd8 28. Rd4 Nfd3 29. e5 Rd5 30. Rxd5 exd5 31. Nf5 Qc7 32. Qe2 Qd7 33. N3d4 Qe8 34. Qg4 Qxe5 35. Nxh6+ Kh7 36. Nf3 Qe3 37. Qxg7+ Kxg7 38. Nf5+ Kf6 39. Nxe3 Nf4 40. g4 Ne4 41. Kc2 Kg7 42. Nf5+ Kh7 43. b3 axb3+ 44. Kxb3 f6 45. c4 dxc4+ 46. Kxc4 Nf2 47. Ne3 N4d3 48. a3 1-0